| Tag |
First Indicator |
Second Indicator |
Subfields |
| LEADER |
00000cas a2200000I 4500 |
| 001 |
in00002696721 |
| 005 |
20151202122133.0 |
| 008 |
780601d19331935dcuar s f0 a0eng d |
| 035 |
|
|
|a (OCoLC)ocm03943805
|
| 040 |
|
|
|a MHS
|c MHS
|d MUL
|d GPO
|d OCL
|d GPO
|d STF
|d GPO
|d MvI
|d UtOrBLW
|
| 043 |
|
|
|a n-us---
|
| 049 |
|
|
|a UDOC
|
| 074 |
|
|
|a 0639
|
| 086 |
0 |
|
|a I 28.37:
|
| 245 |
0 |
0 |
|a Statistical appendix to Minerals yearbook.
|
| 264 |
|
1 |
|a Washington :
|b U.S. Govt. Print. Off.
|
| 300 |
|
|
|a 3 volumes ;
|c 24 cm.
|
| 336 |
|
|
|a text
|b txt
|2 rdacontent
|
| 337 |
|
|
|a unmediated
|b n
|2 rdamedia
|
| 338 |
|
|
|a volume
|b nc
|2 rdacarrier
|
| 362 |
0 |
|
|a 1932/33-1935.
|
| 310 |
|
|
|a Annual
|
| 550 |
|
|
|a Prepared by the Bureau of Mines.
|
| 650 |
|
0 |
|a Mineral industries
|z United States.
|
| 650 |
|
0 |
|a Mines and mineral resources
|z United States.
|
| 710 |
1 |
|
|a United States.
|b Bureau of Mines.
|
| 772 |
0 |
|
|t Minerals yearbook
|x 0076-8952
|w (DLC) 33026551
|w (OCoLC)1847412
|
| 999 |
|
|
|a MARS
|
| 999 |
f |
f |
|s d0b9c45c-fb94-3377-9044-f6760aca1f15
|i d5c4c44e-7442-3714-9eb6-11622c449c95
|t 0
|
| 952 |
f |
f |
|p normal
|a Texas A&M University
|b College Station
|c Sterling C. Evans Library
|d Evans: US Documents (Annex 5th floor)
|t 0
|e I 28.37:
|h Superintendent of Documents classification
|i unmediated -- volume
|
| 998 |
f |
f |
|a I 28.37:
|t 0
|l Evans: US Documents (Annex 5th floor)
|